|
|
|
|
| LEADER |
00000nam0a2200000 4500 |
| 001 |
83578 |
| 005 |
20231031100232.0 |
| 035 |
|
|
|a (RuTPU)RU\TPU\book\89870
|
| 090 |
|
|
|a 83578
|
| 100 |
|
|
|a 20051018d1932 km y0rusy50 ca
|
| 101 |
0 |
|
|a rus
|
| 102 |
|
|
|a RU
|
| 105 |
|
|
|a a z 001zy
|
| 200 |
1 |
|
|a Жиры и воска: химия и анализ
|f Н. А. Демьянов, Н. Д Прянишников
|
| 205 |
|
|
|a 3-е изд., перераб. и доп.
|
| 210 |
|
|
|a Москва
|a Ленинград
|c Гостехиздат
|d 1932
|
| 215 |
|
|
|a 175 с.
|c ил.
|
| 320 |
|
|
|a Библиогр.: с. 170
|
| 320 |
|
|
|a Указатель авторов: с. 171
|
| 320 |
|
|
|a Предметный указатель: с. 172-175
|
| 423 |
|
|
|t К вопросу об образовании и распадении жиров в растительном организме
|o статья
|a Прянишников, Д. Н.
|
| 610 |
1 |
|
|a химическая технология
|
| 610 |
1 |
|
|a жиры
|
| 610 |
1 |
|
|a воск
|
| 610 |
1 |
|
|a глицерин
|
| 610 |
1 |
|
|a свойства
|
| 610 |
1 |
|
|a переработка
|
| 610 |
1 |
|
|a масла
|
| 610 |
1 |
|
|a анализ
|
| 610 |
1 |
|
|a исследование
|
| 610 |
1 |
|
|a жирные кислоты
|
| 675 |
|
|
|a 665.1
|v 3
|
| 700 |
|
1 |
|a Демьянов
|b Н. А.
|
| 701 |
|
1 |
|a Прянишников
|b Н. Д
|
| 801 |
|
1 |
|a RU
|b 63413507
|c 20051018
|g PSBO
|
| 801 |
|
2 |
|a RU
|b 63413507
|c 20060216
|g PSBO
|
| 942 |
|
|
|c BK
|